Guide to DNA Test in Paternity Determination and Criminal Investigation (A Lawyers Handbook) (Record no. 5777)
[ view plain ]
| 000 -LEADER | |
|---|---|
| fixed length control field | 00636nam a22001697a 4500 |
| 008 - FIXED-LENGTH DATA ELEMENTS--GENERAL INFORMATION | |
| fixed length control field | 131016b xxu||||| |||| 00| 0 eng d |
| 082 ## - DEWEY DECIMAL CLASSIFICATION NUMBER | |
| Edition number | 21 ed. |
| Classification number | 345.052 SHA |
| 100 ## - MAIN ENTRY--PERSONAL NAME | |
| Personal name | Sharma, Abhijeet |
| 245 ## - TITLE STATEMENT | |
| Title | Guide to DNA Test in Paternity Determination and Criminal Investigation (A Lawyers Handbook) |
| Statement of responsibility, etc | Abhijeet Sharma |
| 250 ## - EDITION STATEMENT | |
| Edition statement | 1 ed. |
| 260 ## - PUBLICATION, DISTRIBUTION, ETC. (IMPRINT) | |
| Place of publication, distribution, etc | New Delhi, India : |
| Name of publisher, distributor, etc | Wadhwa and Company Law publisher |
| Date of publication, distribution, etc | 2007 |
| 300 ## - PHYSICAL DESCRIPTION | |
| Extent | lix, 1141 P. ; |
| Dimensions | 25 cm. |
| 500 ## - GENERAL NOTE | |
| General note | Includes Index |
| 650 ## - SUBJECT ADDED ENTRY--TOPICAL TERM | |
| Topical term or geographic name as entry element | Criminal Investigation |
| 650 ## - SUBJECT ADDED ENTRY--TOPICAL TERM | |
| Topical term or geographic name as entry element | Guide to DNA Test in Paternity Determination and Criminal Investigation (A Lawyers |
| 942 ## - ADDED ENTRY ELEMENTS (KOHA) | |
| Source of classification or shelving scheme | Dewey Decimal Classification |
| Item type | Books |
| Withdrawn status | Lost status | Source of classification or shelving scheme | Damaged status | Not for loan | Home library | Current library | Shelving location | Date acquired | Total Checkouts | Full call number | Barcode | Date last seen | Copy number | Price effective from | Koha item type | Public note |
|---|---|---|---|---|---|---|---|---|---|---|---|---|---|---|---|---|
| Dewey Decimal Classification | Law Development Centre Main Library | Law Development Centre Main Library | Text Books and Laws | 10/16/2013 | 345.052 SHA | 8017/2013 | 10/16/2013 | 1 | 10/16/2013 | Books | reserve |
